<?xml version="1.0" encoding="UTF-8"?>
<record
    xmlns:xsi="http://www.w3.org/2001/XMLSchema-instance"
    xsi:schemaLocation="http://www.loc.gov/MARC21/slim http://www.loc.gov/standards/marcxml/schema/MARC21slim.xsd"
    xmlns="http://www.loc.gov/MARC21/slim">

  <leader>01921agaaa2200337   4500</leader>
  <controlfield tag="001">5242</controlfield>
  <controlfield tag="003">IT-RoPAU</controlfield>
  <controlfield tag="005">20220918181253.0</controlfield>
  <controlfield tag="007">d cvaizq</controlfield>
  <controlfield tag="008">50131s9999||||xx ||| |     ||   ||und||</controlfield>
  <datafield tag="040" ind1=" " ind2=" ">
    <subfield code="a">IT-RoPAU</subfield>
    <subfield code="c">IT-RoPAU</subfield>
  </datafield>
  <datafield tag="041" ind1=" " ind2=" ">
    <subfield code="a">ITALIANO</subfield>
  </datafield>
  <datafield tag="100" ind1=" " ind2=" ">
    <subfield code="a">Loach Ken</subfield>
    <subfield code="g">Codice regista SPICS: 58043</subfield>
    <subfield code="9">49837</subfield>
  </datafield>
  <datafield tag="130" ind1=" " ind2=" ">
    <subfield code="a">11 SETTEMBRE 2001 - KEN LOACH, REGNO UNITO</subfield>
    <subfield code="9">49838</subfield>
  </datafield>
  <datafield tag="240" ind1=" " ind2=" ">
    <subfield code="a">"11'09""01 - SEPTEMBER 11"</subfield>
    <subfield code="g">T3470</subfield>
  </datafield>
  <datafield tag="245" ind1=" " ind2=" ">
    <subfield code="a">11 SETTEMBRE 2001 - KEN LOACH, REGNO UNITO</subfield>
    <subfield code="c">Diretto da: Loach Ken</subfield>
    <subfield code="p">11 SETTEMBRE 2001 (Rif. Codice opera principale : H5230)</subfield>
  </datafield>
  <datafield tag="246" ind1=" " ind2=" ">
    <subfield code="a">"11'09""01 - SEPTEMBER 11"</subfield>
  </datafield>
  <datafield tag="250" ind1=" " ind2=" ">
    <subfield code="a">Edizione Standard</subfield>
  </datafield>
  <datafield tag="260" ind1=" " ind2=" ">
    <subfield code="a">(UK - USA - FRA - EGY)</subfield>
    <subfield code="b">GALATEE FILM - ZETA FILM - STUDIO CANAL / Distribuzione: MULTIMEDIA SAN PAOLO</subfield>
    <subfield code="g">"2002 (1&#xB0; ed.: 2004 ; Ed. Lingua Orig.: 2002)"</subfield>
  </datafield>
  <datafield tag="300" ind1=" " ind2=" ">
    <subfield code="a">DVD</subfield>
    <subfield code="b">sonoro, col.</subfield>
    <subfield code="c">11 minuti</subfield>
  </datafield>
  <datafield tag="508" ind1=" " ind2=" ">
    <subfield code="a">"Fotografia: Willowghby Nigel; Montaggio: Morris Jonathan; Musica: Vega Vladimir; "</subfield>
  </datafield>
  <datafield tag="511" ind1=" " ind2=" ">
    <subfield code="a">Vaga Vladimir</subfield>
  </datafield>
  <datafield tag="520" ind1=" " ind2=" ">
    <subfield code="a">UNDICI REGISTI DI PAESI E CULTURE DIVERSI HANNO REALIZZATO CIASCUNO UN BREVE DOCUMENTARIO, LUNGO OGNUNO 11 MINUTI, 9 SECONDI E UN FOTOGRAMMA, SUI TRAGICI FATTI SUCCEDUTI A NEW YORK L'11 SETTEMBRE 2001. KEN LOACH COGLIE L'OCCASIONE PER RICORDARE LA TRAGEDIA DI UN ALTRO 11 SETTEMBRE, QUELLO IN CUI GLI AMETICANI NEL 1973 RITENNERO INTOLLERABILE LA SOPRAVVIVENZA IN CILE DI UNGOVERNO DI SINISTRA ELETTO DAL POPOLO, PER CUI AIUTARONO IL GOLPE DI PINOCHET E, QUINDI, L'ASSASSINIO DI ALLENDE E, IN SEGUITO, DI ALTRE 30.000 PERSONE.</subfield>
  </datafield>
  <datafield tag="538" ind1=" " ind2=" ">
    <subfield code="a">PAL, STEREO</subfield>
  </datafield>
  <datafield tag="546" ind1=" " ind2=" ">
    <subfield code="a">ITALIANO</subfield>
  </datafield>
  <datafield tag="650" ind1=" " ind2=" ">
    <subfield code="a">DRAMMATICO</subfield>
    <subfield code="e">DVD-FILM [DVD]</subfield>
    <subfield code="x">Codice MATERIA SPICS: 9947</subfield>
    <subfield code="9">49839</subfield>
  </datafield>
  <datafield tag="700" ind1=" " ind2=" ">
    <subfield code="a">Brigand Alain </subfield>
    <subfield code="e">(soggetto)</subfield>
    <subfield code="g">Codice Soggetto SPICS: 58039</subfield>
    <subfield code="9">49840</subfield>
  </datafield>
  <datafield tag="700" ind1=" " ind2=" ">
    <subfield code="a">Loach Ken </subfield>
    <subfield code="e">(regista)</subfield>
    <subfield code="g">Codice regista SPICS: 58043</subfield>
    <subfield code="9">49841</subfield>
  </datafield>
  <datafield tag="700" ind1=" " ind2=" ">
    <subfield code="a">Vega Vladimir</subfield>
    <subfield code="e">(musica)</subfield>
    <subfield code="g">Codice Musica SPICS: 58044</subfield>
    <subfield code="9">49842</subfield>
  </datafield>
  <datafield tag="942" ind1=" " ind2=" ">
    <subfield code="c">DV</subfield>
    <subfield code="2">ddc</subfield>
  </datafield>
  <datafield tag="999" ind1=" " ind2=" ">
    <subfield code="c">106994</subfield>
    <subfield code="d">106994</subfield>
  </datafield>
  <datafield tag="952" ind1=" " ind2=" ">
    <subfield code="0">0</subfield>
    <subfield code="1">0</subfield>
    <subfield code="4">0</subfield>
    <subfield code="6">H_5242_000000000000000</subfield>
    <subfield code="7">1</subfield>
    <subfield code="a">SPICS</subfield>
    <subfield code="b">SPICS</subfield>
    <subfield code="d">2015-01-31</subfield>
    <subfield code="l">0</subfield>
    <subfield code="o">H5242</subfield>
    <subfield code="r">2015-01-31 00:00:00</subfield>
    <subfield code="w">2015-01-31</subfield>
    <subfield code="y">DV</subfield>
    <subfield code="z">Progr. Ins.: 3239 / N.Vol.:0 / Copie: 1 / Pag.:0 / Copia rara: n.d. / date import: 1.2.2015 / By Epidotti, Trombetti, Vaglietti</subfield>
  </datafield>
</record>
